00463nam a22001697a 4500003000400000005001700004008004100021020001800062040000800080082001700088245004900105260003300154300001100187700003400198700002900232700003200261OSt20260224111510.0260223b |||||||| |||| 00| 0 eng d a9780443133657 ckul a579.17 EGA.P aPlant endophytes and secondary metabolites / aUK:bAcademic press,cc2024. a442 p. 4EditoraEgamberdieva, Dilfuza 4EditoraParray, Javid A. 4EditoraDavranov, Kakhramon